000 01263nam0a22002651 4500
001 rc\167009
005 20260406122319.0
010 _a5-7702-0267-Х
_9250
035 _a(NLR Aleph) 005430697
090 _a7574242
_c7574242
100 _a20030307d1991 |||y0rusy50 ca
101 0 _arus
102 _aRU
105 _aa |||||||||
200 1 _aКомпозиционные материалы
_eСб. науч. тр.
_fАН СССР. Науч. совет по пробл. "Новые процессы получения и обраб. метал. материалов", АН УССР, Ин-т электросварки им. Е.О. Патона
_g[Редкол.: Б.А. Мовчан (отв. ред.) и др.]
210 _aКиев
_cИЭС
_d1991
215 _a146, V, [1] с.
_cил.
_d20
320 _aБиблиогр. в конце ст.
702 1 _aМовчан
_bБ.А.
_gБорис Алексеевич
_4340
712 0 2 _aАН СССР
_bНаучный совет по проблеме "Новые процессы получения и обработки металлических материалов"
_3RU\NLR\AUTH\8814954
_9303202
801 0 _aRU
_bNLR
_gpsbo
801 1 _aRU
_bELAR
_2rusmarc
852 _aNLR
_j91-3/13958
942 _cBOOK
980 _aNB